000 00646cam a22002172 4500
001 0000024418
005 20151217152301.0
008 130912s xx 000 0 eng d
020 _a0071781503 :
040 _aKABU
_cKABU
100 1 _aGlantz, Stanton A.
_@0000184539
245 1 0 _aPrimer of biostatistics /
_cStanton A. Glantz.
250 _a7th ed.
260 _aNew York :
_bMcGraw-Hill Medical,
_c2012.
300 _axiv, 306 p. +
_e1 CD ROM.
650 0 _aMedical statistics.
_@0000178378
650 0 _aBiometry.
_@0000155248
852 1 _9p5403 KES
908 _a130912
950 _@1
999 _c10268
_d10268